[Event "North Region-chB"]
[Site "Cartagena"]
[Date "2012.04.20"]
[Round "4.4"]
[White "Pabon Sarmiento, Juan Pablo"]
[Black "Zapata Riaza, Juan E"]
[Result "1-0"]
[WhiteElo "1978"]
[BlackElo "1457"]
[PlyCount "61"]
[EventDate "2012.04.19"]
[EventType "swiss"]
[EventRounds "6"]
[EventCountry "COL"]
[SourceTitle "EXT 2024"]
[Source "ChessBase"]
[SourceDate "2023.10.10"]
[SourceVersion "1"]
[SourceVersionDate "2023.10.10"]
[SourceQuality "1"]

1. e4 e5 2. Nf3 Qe7 3. Bc4 c6 4. 0-0 b5 5. Bb3 a5 6. c3 a4 7. Bc2 Nf6 8. d4 d6 9. b3 axb3 10. Bxb3 h6 11. Bb2 Bg4 12. Nbd2 Qc7 13. h3 Bh5 14. Re1 Be7 15. Nf1 0-0 16. Ng3 Bg6 17. Nh4 Bh7 18. Qf3 Nbd7 19. Ngf5 Rae8 20. Qg3 Nh5 21. Qg4 Ndf6 22. Qf3 Rd8 23. Ba3 Rfe8 24. dxe5 dxe5 25. Nxe7+ Rxe7 26. Bxe7 Qxe7 27. Nf5 Qc5 28. Rad1 Re8 29. Nd6 Re7 30. Nxf7 Rxf7 31. Rd8+ 1-0

[Event "North Region-chB"]
[Site "Cartagena"]
[Date "2012.04.20"]
[Round "3.1"]
[White "Torres Cueto, Jesus Marcial"]
[Black "Zapata Riaza, Juan E"]
[Result "1-0"]
[WhiteElo "1917"]
[BlackElo "1457"]
[PlyCount "43"]
[EventDate "2012.04.19"]
[EventType "swiss"]
[EventRounds "6"]
[EventCountry "COL"]
[SourceTitle "EXT 2024"]
[Source "ChessBase"]
[SourceDate "2023.10.10"]
[SourceVersion "1"]
[SourceVersionDate "2023.10.10"]
[SourceQuality "1"]

1. e4 e5 2. Nf3 Qe7 3. Nc3 c6 4. Bc4 b5 5. Bb3 a5 6. a3 h6 7. 0-0 Nf6 8. d4 d6 9. d5 Bb7 10. dxc6 Bxc6 11. Nd5 Qd8 12. Be3 Nxe4 13. Bb6 Qd7 14. Nc7+ Ke7 15. Nxa8 Bxa8 16. Bd5 Bxd5 17. Qxd5 Nf6 18. Qd2 a4 19. Rfe1 g6 20. Nxe5 dxe5 21. Rxe5+ Qe6 22. Qd8# 1-0